Konvergence české ekonomiky k průměru EU

Význam konvergencie ekonomiky ČR k priemeru EÚ. Medzinárodné porovnanie kvantitatívnych aspektov reálnej a nominálnej konvergencie. Perspektívy ďalšieho vývoja reálnej a nominálnej konvergencie.

Gespeichert in:
Bibliographische Detailangaben
1. Verfasser: Šujan, Ivan
Weitere Verfasser: Šujanová, Milota
Format: Buchkapitel
Sprache:Tschechisch
Schlagworte:
Tags: Tag hinzufügen
Keine Tags, Fügen Sie das erste Tag hinzu!

MARC

LEADER 00000naa$a2200000$$$4500
001 0014212
005 20231013081051.8
041 0 |a cze 
044 |a CZ 
245 1 0 |a Konvergence české ekonomiky k průměru EU  |c aut. Ivan Šujan, Milota Šujanová 
520 |a Význam konvergencie ekonomiky ČR k priemeru EÚ. Medzinárodné porovnanie kvantitatívnych aspektov reálnej a nominálnej konvergencie. Perspektívy ďalšieho vývoja reálnej a nominálnej konvergencie. 
610 2 0 |a konvergencia 
610 2 0 |a úroveň rozvoja hospodárskeho 
610 2 0 |a konkurencieschopnosť 
610 2 0 |a Česko 
610 2 0 |a SVE 
610 2 0 |a Európska únia 
610 2 0 |a hladina cenová 
610 2 0 |a závislosť štatistická 
610 2 0 |a produkt domáci hrubý 
610 2 0 |a prognózy 
100 1 |a Šujan, Ivan 
700 1 |a Šujanová, Milota